=LDR 00000nam 2200000 4500 =001 INLIS000000000033486 =005 20130612135433 =008 ***********************************ind** =035 ##$$0010-061300000033486 =041 ##$$a ind =082 ##$$a 693.5 =090 ##$$a 693.5, Naw b =100 ##$$a NAWY, Edward G =245 ##$$a Beton Bertulang Suatu Pendekatan Dasar / Edward G. Nawy ; penerjemah, Bambang Suroatmono =260 ##$$a 1998 $b Bandung =300 ##$$a xii, 763 hlm, ilus, 23 cm =650 ##$$a Beton Bertulang =700 ##$$a Suryoatmono, Bambang =850 ##$$a NBPNMAT